[Event "Belfort"]
[Site "?"]
[Date "2005.07.22"]
[Round "4.8"]
[White "Ramya Krishna I"]
[Black "Orehek Spela"]
[Result "1-0"]
[WhiteElo "2165"]
[BlackElo "1749"]
[PlyCount "101"]
[EventDate "2005.??.??"]
[Source "www.chesslib.no"]
[SourceDate "2004.05.04"]

1. d4 d5 2. c4 e6 3. Nc3 Nf6 4. Bg5 Be7 5. Nf3 Nbd7 6. e3 c6 7. Bd3 O-O 8. O-O dxc4 9. Bxc4 Nd5 10. Bxe7 Qxe7 11. Rc1 Nxc3 12. Rxc3 e5 13. Bb3 e4 14. Nd2 Nf6 15. Qc2 Bg4 16. Re1 Rac8 17. h3 Bd7 18. Rc5 Rfe8 19. Re5 Qb4 20. Rd1 a5 21. Nxe4 Nxe4 22. Rxe4 Rxe4 23. Qxe4 a4 24. Bc2 f5 25. Qd3 Be6 26. a3 Qxb2 27. Rb1 Qa2 28. Rxb7 Qd5 29. Qc3 c5 30. Rb5 Bd7 31. Rxc5 Rxc5 32. Qxc5 Qxc5 33. dxc5 Kf7 34. c6 Bxc6 35. Bxf5 g6 36. Bd3 Ke6 37. Kf1 Ke5 38. f4+ Ke6 39. g4 Kf6 40. g5+ Ke6 41. Kf2 Bd7 42. e4 Kd6 43. h4 Be8 44. Ke3 Kc5 45. f5 Bf7 46. f6 Bb3 47. e5 Be6 48. Bc2 Kb5 49. Kd4 Bf7 50. Bd3+ Kb6 51. Bc4 1-0

[Event "Bratto"]
[Site "?"]
[Date "2003.08.26"]
[Round "6"]
[White "Waldner Mirko"]
[Black "Lorusso Giuseppe"]
[Result "1-0"]
[WhiteElo "2067"]
[BlackElo "1801"]
[PlyCount "93"]
[EventDate "2003.??.??"]
[Source "www.chesslib.no"]
[SourceDate "2004.05.04"]

1. d4 Nf6 2. Bg5 d5 3. Nf3 Nbd7 4. e3 e6 5. c4 c6 6. Nc3 Be7 7. Rc1 O-O 8. Be2 dxc4 9. Bxc4 Nd5 10. Bxe7 Qxe7 11. O-O Nxc3 12. Rxc3 e5 13. Qc2 e4 14. Nd2 Nf6 15. Rd1 Bf5 16. Nf1 Rad8 17. Ng3 Bg6 18. Ra3 a6 19. Rc3 Nd5 20. Bxd5 Rxd5 21. Rc1 f5 22. Ne2 Bf7 23. Nf4 Ra5 24. a3 g5 25. Ne2 Bh5 26. Ng3 Bg6 27. Rc5 Rxc5 28. Qxc5 Qxc5 29. Rxc5 Kg7 30. Re5 Kf6 31. Ne2 Re8 32. Rc5 Ke6 33. g4 Rf8 34. Ng3 f4 35. Re5+ Kd6 36. Nxe4+ Bxe4 37. Rxe4 fxe3 38. fxe3 h6 39. Re5 Rf6 40. Kg2 b6 41. b4 a5 42. bxa5 bxa5 43. Rf5 Re6 44. Kf3 Re7 45. e4 Ra7 46. Rf6+ Ke7 47. Rxc6 1-0

[Event "Landesliga N Bayern 9596"]
[Site "GER"]
[Date "1996.??.??"]
[Round "?"]
[White "Thuerauf, Peter"]
[Black "Knappe, Dieter"]
[Result "1-0"]
[WhiteElo "1905"]
[BlackElo "1870"]
[PlyCount "91"]
[EventDate "1995.10.??"]
[Source "www.chesslib.no"]
[SourceDate "2004.05.04"]

1. d4 Nf6 2. Nf3 e6 3. c4 Bb4+ 4. Bd2 Be7 5. Nc3 d5 6. Bg5 O-O 7. e3 c6 8. Rc1 Nbd7 9. Bd3 dxc4 10. Bxc4 Nd5 11. Bxe7 Qxe7 12. O-O Nxc3 13. Rxc3 e5 14. Qb1 e4 15. Nd2 Nf6 16. b4 a6 17. Rfc1 Re8 18. a4 Bd7 19. b5 axb5 20. axb5 Qd6 21. h3 Rac8 22. Qa2 Be6 23. bxc6 Rxc6 24. Bxe6 Qxe6 25. Qxe6 Rexe6 26. Rxc6 Rxc6 27. Rxc6 bxc6 28. g4 h6 29. Nc4 Nd7 30. Nd6 Nf6 31. Nc8 Nd5 32. Nd6 Nf6 33. Nf5 Nd5 34. Kg2 f6 35. Nd6 Nc3 36. Nc8 Nd5 37. Nd6 Nc3 38. Nf5 Nd5 39. Ng3 Nc3 40. Kf1 Kf7 41. Ke1 Ke6 42. Kd2 Nd5 43. Nxe4 f5 44. Nc5+ Kf6 45. gxf5 Kxf5 46. e4+ 1-0

[Event "Voelklingen"]
[Site "?"]
[Date "2003.04.11"]
[Round "1.7"]
[White "Gimber Robert"]
[Black "Wolf Margot"]
[Result "1-0"]
[WhiteElo "1736"]
[BlackElo "1201"]
[PlyCount "39"]
[EventDate "2003.??.??"]
[Source "www.chesslib.no"]
[SourceDate "2004.05.04"]

1. Nf3 d5 2. d4 e6 3. c4 Nf6 4. Nc3 c6 5. Bg5 Be7 6. e3 O-O 7. Rc1 Nbd7 8. Bd3 dxc4 9. Bxc4 Nd5 10. Bxe7 Qxe7 11. O-O Nxc3 12. Rxc3 e5 13. Re1 exd4 14. exd4 Qd8 15. Rce3 Nf6 16. Ne5 Nd7 17. Nxf7 Qb6 18. Re8 Nf6 19. Nh6+ Kh8 20. Rxf8+ 1-0